History Quiz

Random History or Popular Quiz

Who Carried Oklahoma In Each Election? Quiz Stats

Quiz not verified by Sporcle

Challenge
Share
Tweet
Embed
Score 0/28 Timer 15:00
0 Plays Today
Popular Vote Percentage Presidential Candidate % Correct
65.32%Donald Trump
97.7%
73.30%Franklin D. Roosevelt
93.9%
66.83%Franklin D. Roosevelt
93.9%
42.65%George H. W. Bush
93.9%
65.57%George W. Bush
93.9%
57.41%Franklin D. Roosevelt
91.8%
55.57%Franklin D. Roosevelt
91.8%
62.75%Harry S. Truman
91.8%
55.75%Lyndon B. Johnson
91.8%
73.70%Richard Nixon
91.8%
60.50%Ronald Reagan
91.8%
68.61%Ronald Reagan
91.8%
57.93%George H. W. Bush
91.8%
65.65%John McCain
91.8%
Popular Vote Percentage Presidential Candidate % Correct
50.65%Woodrow Wilson
89.8%
63.72%Herbert Hoover
89.8%
54.59%Dwight D. Eisenhower
89.8%
55.13%Dwight D. Eisenhower
89.8%
59.02%Richard Nixon
89.8%
47.68%Richard Nixon
89.8%
49.96%Gerald Ford
89.8%
60.31%George W. Bush
89.8%
46.95%Woodrow Wilson
87.8%
50.11%Warren G. Harding
87.8%
48.26%Bob Dole
87.8%
66.77%Mitt Romney
87.8%
47.99%William Jennings Bryan
77.6%
48.41%John W. Davis
71.4%

You're not logged in!

Compare scores with friends on all Sporcle quizzes.
Sign Up with Email
OR
Log In

You Might Also Like...

Show Comments

Extras

Top Quizzes Today


Score Distribution

Your Account Isn't Verified!

In order to create a playlist on Sporcle, you need to verify the email address you used during registration. Go to your Sporcle Settings to finish the process.

Report this User

Report this user for behavior that violates our Community Guidelines.

Details: